Konkurenční zpravodajství tvorba podkladů pro strategické rozhodování podniku

Na minha lista:
Detalhes bibliográficos
Autor principal: Bartes, František
Formato: Livro
Idioma:tcheco
Publicado em: Praha Grada Publishing 2022
Edição:1. vydání
Assuntos:
Tags: Adicionar Tag
Sem tags, seja o primeiro a adicionar uma tag!

MARC

LEADER 00000nam a2200000 4500
001 0298963
005 20240628130939.6
020 |a 978-80-271-3504-2 
041 0 |a cze 
044 |a CZ 
245 1 0 |a Konkurenční zpravodajství  |b tvorba podkladů pro strategické rozhodování podniku  |c František Bartes 
250 |a 1. vydání 
264 1 |a Praha  |b Grada Publishing  |c 2022 
300 |a 434 s. 
610 2 0 |a rozhodovanie strategické 
610 2 0 |a stratégia podnikateľská 
610 2 0 |a stratégia podniková 
610 2 0 |a competitive intelligence 
610 2 0 |a business intelligence 
610 2 0 |a konkurencieschopnosť 
610 2 0 |a výkonnosť podniku 
610 2 0 |a prostredie podnikateľské 
610 2 0 |a zber dát 
610 2 0 |a analýza dát 
610 2 0 |a predvídanie 
100 1 |a Bartes, František